[Event "Caribean-chT 24th"]
[Site "San Salvador"]
[Date "2023.07.06"]
[Round "6.2"]
[White "Etienne, Angelo"]
[Black "Arvelo Leo, Gian Carlo"]
[Result "1-0"]
[WhiteElo "2079"]
[BlackElo "2094"]
[PlyCount "127"]
[EventDate "2023.07.06"]
[EventType "tourn"]
[EventRounds "15"]
[EventCountry "ESA"]
[SourceTitle "CBM 215 Extra"]
[Source "ChessBase"]
[SourceDate "2023.09.30"]
[SourceVersion "1"]
[SourceVersionDate "2023.09.30"]
[SourceQuality "1"]
[WhiteTeam "Haiti"]
[BlackTeam "Dominican Republic"]
[WhiteTeamCountry "HAI"]
[BlackTeamCountry "DOM"]

1. Nf3 Nf6 2. g3 b5 3. Bg2 Bb7 4. 0-0 e6 5. d3 Be7 6. a4 b4 7. Nbd2 d5 8. e4 0-0 9. Re1 c5 10. exd5 Bxd5 11. Nc4 Nbd7 12. b3 Nb6 13. Bb2 Nxc4 14. dxc4 Bb7 15. a5 a6 16. Qe2 Qc7 17. h4 Rfd8 18. Be5 Qc6 19. Rad1 Rxd1 20. Rxd1 Rd8 21. Ne1 Qc8 22. Rxd8+ Bxd8 23. Bxb7 Qxb7 24. Nd3 Qc6 25. Qe3 Nd7 26. h5 h6 27. Qf4 Bxa5 28. g4 Nxe5 29. Qxe5 Qf3 30. Nxc5 Qxg4+ 31. Kf1 Qd1+ 32. Kg2 Qg4+ 33. Kf1 Qd1+ 34. Kg2 Qg4+ 35. Qg3 Qxh5 36. Nxa6 Bd8 37. c5 Qd5+ 38. Qf3 Qg5+ 39. Kh3 Qg6 40. c6 Qxc2 41. Nxb4 Qc5 42. Qe4 Bc7 43. Kg2 Qg5+ 44. Kf3 Qh5+ 45. Ke3 Qc5+ 46. Kd3 Qb5+ 47. Qc4 Qf5+ 48. Ke2 Qe5+ 49. Kd3 Qd6+ 50. Kc2 Qe5 51. Na6 Qf5+ 52. Kd1 Qf3+ 53. Kc2 Qxf2+ 54. Kb1 Qb6 55. Nxc7 Qxc7 56. b4 Qe5 57. c7 Qe1+ 58. Kb2 Qe5+ 59. Kb3 Qe3+ 60. Ka4 Qa7+ 61. Kb5 Qb7+ 62. Ka4 Qa7+ 63. Kb3 Qe3+ 64. Qc3 1-0

[Event "Caribean-chT 24th"]
[Site "San Salvador"]
[Date "2023.07.06"]
[Round "10.2"]
[White "Etienne, Angelo"]
[Black "Cardoso Cardoso, Jose Gabriel"]
[Result "0-1"]
[WhiteElo "2079"]
[BlackElo "2484"]
[PlyCount "133"]
[EventDate "2023.07.06"]
[EventType "tourn"]
[EventRounds "15"]
[EventCountry "ESA"]
[SourceTitle "CBM 215 Extra"]
[Source "ChessBase"]
[SourceDate "2023.09.30"]
[SourceVersion "1"]
[SourceVersionDate "2023.09.30"]
[SourceQuality "1"]
[WhiteTeam "Haiti"]
[BlackTeam "Colombia"]
[WhiteTeamCountry "HAI"]
[BlackTeamCountry "COL"]

1. Nf3 d5 2. g3 c6 3. Bg2 Bg4 4. 0-0 Nd7 5. d3 e5 6. Nbd2 Ngf6 7. Re1 Bc5 8. e4 0-0 9. h3 Bxf3 10. Nxf3 dxe4 11. dxe4 Qc7 12. c3 a5 13. Qc2 Rfe8 14. Nh4 g6 15. Bg5 Bf8 16. Rad1 Bg7 17. Nf3 Nc5 18. Nd2 b5 19. Nb3 Ne6 20. Be3 Bf8 21. Nd2 a4 22. Nf3 Nc5 23. Bg5 Bg7 24. Nh2 Ne6 25. Be3 Bf8 26. Ng4 Nxg4 27. hxg4 Be7 28. Bf3 Bg5 29. Qc1 Qe7 30. Kg2 Kg7 31. Rh1 Rad8 32. Be2 Rxd1 33. Rxd1 Rd8 34. Rxd8 Qxd8 35. f4 Bf6 36. g5 Be7 37. Bg4 Qd3 38. Bf3 Bc5 39. Bxc5 Nxc5 40. Qe1 exf4 41. gxf4 Ne6 42. Kg3 h6 43. gxh6+ Kxh6 44. e5 c5 45. Qh1+ Kg7 46. Qh4 Qf5 47. Qg4 Qb1 48. Bd5 Qg1+ 49. Bg2 Qe3+ 50. Qf3 Qe1+ 51. Qf2 Qxf2+ 52. Kxf2 Nxf4 53. Bc6 Nd3+ 54. Ke3 Nxe5 55. Bxb5 f5 56. Bxa4 Nc4+ 57. Kf2 Nxb2 58. Bc6 Nd1+ 59. Kf3 Nxc3 60. a4 Nxa4 61. Bxa4 Kf6 62. Bc2 Ke5 63. Bb1 g5 64. Bc2 c4 65. Bb1 c3 66. Bc2 f4 67. Kg4 0-1

[Event "Caribean-chT 24th"]
[Site "San Salvador"]
[Date "2023.07.06"]
[Round "1.2"]
[White "Leon Archibaldo, Orlando Andres"]
[Black "Etienne, Angelo"]
[Result "0-1"]
[WhiteElo "2229"]
[BlackElo "2079"]
[PlyCount "132"]
[EventDate "2023.07.06"]
[EventType "tourn"]
[EventRounds "15"]
[EventCountry "ESA"]
[SourceTitle "CBM 215 Extra"]
[Source "ChessBase"]
[SourceDate "2023.09.30"]
[SourceVersion "1"]
[SourceVersionDate "2023.09.30"]
[SourceQuality "1"]
[WhiteTeam "Panama"]
[BlackTeam "Haiti"]
[WhiteTeamCountry "PAN"]
[BlackTeamCountry "HAI"]

1. d4 Nf6 2. Nc3 d5 3. Bf4 e6 4. e3 Bd6 5. Nf3 0-0 6. Bd3 c5 7. dxc5 Bxc5 8. 0-0 Nc6 9. a3 a6 10. e4 d4 11. Ne2 Nh5 12. e5 g6 13. Bh6 Re8 14. Ng3 Nxg3 15. hxg3 Bf8 16. Qd2 Bg7 17. Rfe1 b5 18. Bg5 Qc7 19. Qf4 Bb7 20. Bf6 Bxf6 21. Qxf6 Qe7 22. Qf4 Red8 23. Ng5 Qf8 24. Ne4 Qg7 25. Nf6+ Kh8 26. Be4 Na5 27. Bxb7 Nxb7 28. Rad1 g5 29. Qf3 Nc5 30. Rxd4 Qg6 31. Red1 Rf8 32. c3 Na4 33. R1d2 Nb6 34. Rd1 Nc4 35. Qe2 Rac8 36. a4 Qf5 37. axb5 axb5 38. f4 gxf4 39. gxf4 Ra8 40. b3 Nb6 41. c4 bxc4 42. bxc4 Na4 43. Qf3 Rac8 44. g4 Qg6 45. R1d2 Nc5 46. Rh2 Qb1+ 47. Kg2 Rb8 48. Rxh7+ Qxh7 49. Nxh7 Rb2+ 50. Kg3 Kxh7 51. Qh1+ Kg7 52. Qh5 Rfb8 53. Qg5+ Kf8 54. Qh6+ Ke7 55. Qg5+ Kf8 56. Rd8+ Rxd8 57. Qxd8+ Kg7 58. Qd4 Rb3+ 59. Kh4 Nd3 60. Kg5 Ne1 61. Qd1 Nf3+ 62. Kh5 Re3 63. c5 Nh2 64. c6 Rh3+ 65. Kg5 Nf3+ 66. Qxf3 Rxf3 0-1

[Event "Central America-ch 24th"]
[Site "San Salvador"]
[Date "2023.01.21"]
[Round "10"]
[White "Etienne, Angelo"]
[Black "Almedina Ortiz, Edgardo J"]
[Result "0-1"]
[WhiteElo "2010"]
[BlackElo "2199"]
[PlyCount "110"]
[EventDate "2023.01.21"]
[EventType "swiss"]
[EventRounds "11"]
[EventCountry "ESA"]
[SourceTitle "CBM 212 Extra"]
[Source "ChessBase"]
[SourceDate "2023.03.31"]
[SourceVersion "1"]
[SourceVersionDate "2023.03.31"]
[SourceQuality "1"]

1. d4 Nf6 2. Nf3 e6 3. Nbd2 d5 4. c4 c5 5. e3 cxd4 6. Nxd4 Nc6 7. N2f3 Ne4 8. a3 Qa5+ 9. Bd2 Nxd2 10. Nxd2 Nxd4 11. exd4 dxc4 12. Bxc4 Be7 13. 0-0 0-0 14. b4 Qf5 15. Qf3 Qxf3 16. Nxf3 Rd8 17. Rfd1 Bd7 18. d5 Ba4 19. Rd2 Rac8 20. Ba2 Bf6 21. Rb1 exd5 22. Rxd5 Rxd5 23. Bxd5 b6 24. g4 g6 25. Bb3 Bd7 26. h3 Rc3 27. Nd2 Bd4 28. Ne4 Rd3 29. Ng5 Kg7 30. Rd1 Rxd1+ 31. Bxd1 b5 32. Bb3 Bb2 33. Nxf7 Bxa3 34. Ne5 Be8 35. Nd3 Bc6 36. Bd1 Bd5 37. Bc2 a6 38. Nc5 Bxb4 39. Nxa6 Bd6 40. Bd3 b4 41. Nxb4 Bxb4 42. Be2 g5 43. f3 h6 44. Kf2 Bc5+ 45. Kg3 Bd6+ 46. Kf2 Bf4 47. Bd3 Kf6 48. Ke2 Ke5 49. Bg6 Kd4 50. Bf5 Bg3 51. Bg6 Bc4+ 52. Kd2 Bf4+ 53. Ke1 Ke3 54. Be4 Bg3+ 55. Kd1 Be2+ 0-1

[Event "Central America-ch 24th"]
[Site "San Salvador"]
[Date "2023.01.21"]
[Round "8"]
[White "Etienne, Angelo"]
[Black "Kartodikromo, Virgil"]
[Result "1-0"]
[WhiteElo "2010"]
[BlackElo "1584"]
[PlyCount "117"]
[EventDate "2023.01.21"]
[EventType "swiss"]
[EventRounds "11"]
[EventCountry "ESA"]
[SourceTitle "CBM 212 Extra"]
[Source "ChessBase"]
[SourceDate "2023.03.31"]
[SourceVersion "1"]
[SourceVersionDate "2023.03.31"]
[SourceQuality "1"]

1. d4 e6 2. e4 b6 3. Bd3 Bb7 4. Nf3 c5 5. c3 cxd4 6. cxd4 Bb4+ 7. Nc3 Ne7 8. 0-0 Bxc3 9. bxc3 0-0 10. e5 Ng6 11. Ng5 Nc6 12. Ne4 f5 13. exf6 Rxf6 14. Bg5 Na5 15. Bxf6 gxf6 16. Nd6 Qe7 17. Nxb7 Nxb7 18. Re1 Nd6 19. Qh5 Kg7 20. Re3 f5 21. Rae1 Qh4 22. Qf3 Rc8 23. g3 Qg5 24. Bf1 f4 25. Rd3 Rf8 26. Bg2 fxg3 27. Qxg3 Qe7 28. Be4 Qh4 29. Bxg6 Qxg3+ 30. hxg3 hxg6 31. d5 exd5 32. Rxd5 Rf6 33. Re7+ Kh6 34. Rxd7 Ne4 35. g4 g5 36. Rf5 Rc6 37. Rxa7 Nxc3 38. Rff7 b5 39. a3 Kg6 40. Rg7+ Kf6 41. Raf7+ Ke5 42. Rxg5+ Kd4 43. Rf3 Ke4 44. Rxc3 Rxc3 45. Rxb5 Rxa3 46. Kg2 Kf4 47. Rb4+ Kg5 48. f3 Ra5 49. Kg3 Rc5 50. f4+ Kg6 51. Rb6+ Kg7 52. g5 Rd5 53. Kg4 Rd1 54. Ra6 Rg1+ 55. Kf5 Rf1 56. Ra7+ Kf8 57. g6 Kg8 58. Kg5 Rg1+ 59. Kf6 1-0

[Event "Olympiad-44"]
[Site "Chennai"]
[Date "2022.08.08"]
[Round "10.2"]
[White "Etienne, Angelo"]
[Black "Tissir, Mohamed"]
[Result "0-1"]
[WhiteElo "2036"]
[BlackElo "2366"]
[PlyCount "96"]
[EventDate "2022.07.29"]
[EventType "team-swiss"]
[EventRounds "11"]
[EventCountry "IND"]
[SourceTitle "CBM 210"]
[Source "ChessBase"]
[SourceDate "2022.10.31"]
[SourceVersion "1"]
[SourceVersionDate "2022.10.31"]
[SourceQuality "1"]
[WhiteTeam "Haiti"]
[BlackTeam "Morocco"]
[WhiteTeamCountry "HAI"]
[BlackTeamCountry "MAR"]

1. d4 d6 2. e4 g6 3. Be3 Bg7 4. c3 Nd7 5. Bc4 Ngf6 6. f3 0-0 7. Ne2 e5 8. 0-0 Qe7 9. Ng3 c6 10. Re1 h5 11. Bg5 Qe8 12. Qd2 Nh7 13. Bh6 Qe7 14. Bxg7 Kxg7 15. Na3 h4 16. Nh1 Ndf6 17. Nf2 Nh5 18. Nd3 Qf6 19. dxe5 dxe5 20. Qe3 Rd8 21. Rad1 Ng5 22. Rf1 Ne6 23. Bxe6 Bxe6 24. b3 b6 25. Rde1 Rd7 26. f4 Rxd3 27. Qxd3 Nxf4 28. Qc2 Qg5 29. Nc4 Rd8 30. Rd1 Bh3 31. Ne3 Bxg2 32. Nxg2 Rxd1 33. Rxd1 h3 34. Qf2 hxg2 35. Qf3 Qh4 36. h3 Nxh3+ 37. Kxg2 Ng5 38. Qg3 Qxe4+ 39. Kf1 Qf5+ 40. Qf2 Nf3 41. Kg2 Qg4+ 42. Kf1 e4 43. Rd6 Qf4 44. Rd4 c5 45. Rd8 e3 46. Qb2 Nd4+ 47. Kg2 Qg4+ 48. Kh1 e2 0-1

[Event "Online Olym Div3 D"]
[Site "Chess.com INT"]
[Date "2021.08.28"]
[Round "5.2"]
[White "Etienne, Angelo"]
[Black "Kalka, Shiva"]
[Result "1-0"]
[WhiteElo "1995"]
[BlackElo "1702"]
[PlyCount "79"]
[EventDate "2021.08.27"]
[EventType "team-tourn (rapid)"]
[EventRounds "9"]
[EventCountry "USA"]
[SourceTitle "CBM 204 Extra"]
[Source "ChessBase"]
[SourceDate "2021.11.30"]
[SourceVersion "1"]
[SourceVersionDate "2021.11.30"]
[SourceQuality "1"]
[WhiteTeam "Haiti"]
[BlackTeam "Surinam"]
[WhiteTeamCountry "HAI"]
[BlackTeamCountry "SUR"]

1. d4 Nf6 2. Nf3 d5 3. Bf4 e6 4. e3 c5 5. c3 Bd6 6. Bg3 0-0 7. Nbd2 b6 8. Bd3 Nc6 9. 0-0 Bb7 10. Ne5 Qc7 11. f4 a5 12. Qe2 Rac8 13. Bh4 Be7 14. Qf3 h6 15. Qh3 Nxe5 16. fxe5 Ne4 17. Bxe4 dxe4 18. Bxe7 Qxe7 19. Rae1 Qg5 20. Rf4 cxd4 21. Rg4 Qxe5 22. exd4 Qf5 23. Nxe4 Bxe4 24. Rexe4 Kh7 25. Qg3 g6 26. h4 a4 27. Rgf4 Qh5 28. Qf2 g5 29. hxg5 hxg5 30. Rf3 Kg7 31. d5 Rh8 32. Qd4+ Kg8 33. Rh3 Qxh3 34. gxh3 Rxh3 35. Rg4 Rh4 36. Rxh4 gxh4 37. d6 Rd8 38. Qxb6 Rd7 39. Qc6 Rd8 40. Qc7 1-0

[Event "Online Olym Div3 D"]
[Site "Chess.com INT"]
[Date "2021.08.27"]
[Round "3.3"]
[White "Etienne, Angelo"]
[Black "Ramsumair, Daenon"]
[Result "1-0"]
[WhiteElo "1995"]
[BlackElo "1715"]
[PlyCount "71"]
[EventDate "2021.08.27"]
[EventType "team-tourn (rapid)"]
[EventRounds "9"]
[EventCountry "USA"]
[SourceTitle "CBM 204 Extra"]
[Source "ChessBase"]
[SourceDate "2021.11.30"]
[SourceVersion "1"]
[SourceVersionDate "2021.11.30"]
[SourceQuality "1"]
[WhiteTeam "Haiti"]
[BlackTeam "Trinidad and Tobago"]
[WhiteTeamCountry "HAI"]
[BlackTeamCountry "TRI"]

1. d4 Nf6 2. Nf3 d5 3. Bf4 e6 4. h3 c5 5. e3 Bd6 6. Bxd6 Qxd6 7. Bd3 0-0 8. Ne5 Nbd7 9. Nxd7 Bxd7 10. 0-0 e5 11. dxe5 Qxe5 12. c3 Qg5 13. Qf3 Rfe8 14. Rd1 Bc6 15. Qf5 Re5 16. Qxg5 Rxg5 17. f4 Rh5 18. Nd2 Re8 19. Kf2 g5 20. Be2 gxf4 21. exf4 Rh6 22. Bf3 Ne4+ 23. Bxe4 dxe4 24. Ke3 Rd6 25. Nc4 Rg6 26. g4 f5 27. Rg1 fxg4 28. Rxg4 Rd8 29. Ne5 Rxg4 30. hxg4 Bb5 31. Kxe4 Rd2 32. Kf5 Rxb2 33. Rd1 Kf8 34. Kf6 Rxa2 35. Rd8+ Be8 36. Nd7+ 1-0